| 000 | 00458nam a2200193Ia 4500 | ||
|---|---|---|---|
| 008 | 210210b1949 xxu||||| |||| 00| 0 eng d | ||
| 041 | _aeng | ||
| 082 | _a829/751 | ||
| 100 | _aMENON (K P K) | ||
| 245 | _aStories of yesterday and today | ||
| 260 |
_aMadras _bThe National Publishing Company _c1949 |
||
| 650 | _ayesterday | ||
| 650 | _atoday | ||
| 650 | _aStories | ||
| 650 | _aof | ||
| 650 | _aand | ||
| 690 | _aEnglish Fiction | ||
| 906 | _a017350 | ||
| 999 |
_c137316 _d137316 |
||